000 00688nam a2200193 a 4500
001 000018629
005 20200929165831.0
008 100512s1981 mx d 000 0 spa d
020 _a9684341709
040 _aDO-SdBNP
_bspa
_cBNPHU
082 _axxx
_bB918l
100 1 _aBuchanan, Jamés M.,
_d1919-
_940259
245 1 4 _aLos límites de la libertad :
_bentre la anarquía y leviatán /
_cJamés M. Buchanan ; traducción de Carlos Millet.
260 _aMéxico :
_bThe University of Chicago Press;
_bPremia,
_c1981.
300 _a243 p. :
_bdiagrs. ;
_c21 cm.
534 _aThe limits of liberty : between anarchy and leviathan
700 1 _aMillet, Carlos,
_dtr.
_940260
049 _aBNGR
999 _c18149
_d18149